000
00446nam a2200145Ia 4500
008
100122s9999 xx 000 0 und d
082
_b
61195
_a
329.954
100
_a
कापसे राम
245
_a
जनसंघ ते भाजपा
260
_b
वसंत पटवर्धन
_c
2002
300
_a
272
630
_a
जनसंघ ते भाजपा
730
_a
जनसंघ ते भाजपा
942
_c
BOOK
999
_c
436069
_d
436066